00620nam a2200169Ia 4500008004000000020001800040082001300058100003900071245003300110260004100143300000800184650004600192690001400238906001100252999001900263952016800282210210b2000 xxu||||| |||| 00| 0 eng d a0 19 913413 8 a330 MOYE aMOYNIHAN (Dan) and TITLEY (Brian). aEconomics a complete course. aNYbOxford University Press.,c2000 a439 aeuropean economy population labour market aEconomics a058831 c105988d105988 001040708EconomicsaALbALcEconomicsd2021-02-17eIntel Book Distributors Pvt Ltd, Bangalore.g795.00l0o330 MOYEp058831r2021-02-17 00:00:00w2021-02-17yBK